A History of the Christian Church (Record no. 12187)

MARC details
000 -LEADER
fixed length control field 00555nam a2200217 a 4500
001 - CONTROL NUMBER
control field 0001-2187
003 - CONTROL NUMBER IDENTIFIER
control field ELIB.Books
008 - FIXED-LENGTH DATA ELEMENTS--GENERAL INFORMATION
fixed length control field 190802 2010 eng
020 ## - INTERNATIONAL STANDARD BOOK NUMBER
International Standard Book Number KBTS
092 ## - LOCALLY ASSIGNED DEWEY CALL NUMBER (OCLC)
Classification number 270
Item number Qua
100 ## - MAIN ENTRY--PERSONAL NAME
Personal name Qualben, Lars P.
245 ## - TITLE STATEMENT
Title A History of the Christian Church
260 ## - PUBLICATION, DISTRIBUTION, ETC. (IMPRINT)
Place of publication, distribution, etc. New York
Name of publisher, distributor, etc. Thomas Nelson and Sons
Date of publication, distribution, etc. 1942
300 ## - PHYSICAL DESCRIPTION
Extent 644
Dimensions 20cm
650 ## - SUBJECT ADDED ENTRY--TOPICAL TERM
Topical term or geographic name as entry element Church History
856 ## - ELECTRONIC LOCATION AND ACCESS
Name of location of host KBTS Library
Uniform Resource Identifier <a href="KBTS Elib">KBTS Elib</a>
942 ## - ADDED ENTRY ELEMENTS (KOHA)
Source of classification or shelving scheme Dewey Decimal Classification
Koha item type Books
990 ## - EQUIVALENCES OR CROSS-REFERENCES [LOCAL, CANADA]
Link information for 9XX fields 1
998 ## - LOCAL CONTROL INFORMATION (RLIN)
-- Englishbooks.elf
Cataloger's initials, CIN (RLIN) cat
-- 2019-08-02
Holdings
Withdrawn status Lost status Source of classification or shelving scheme Damaged status Not for loan Home library Current library Date acquired Total Checkouts Barcode Date last seen Bill Date Koha item type
    Dewey Decimal Classification     Karen Baptist Theological Seminary Library Karen Baptist Theological Seminary Library 02/08/2019   12347 22/01/2022 22/01/2022 Books
Implemented & Customized by: BestBookBuddies

Powered by Koha